| 000 | 00588nam a2200121Ia 4500 | ||
|---|---|---|---|
| 008 | 220615s9999||||xx |||||||||||||| ||und|| | ||
| 245 | 0 | _aInternships, Employability and the Search for Decent Work Experience | |
| 546 | _aEnglish[eng] | ||
| 650 | _ainternships||traineeships||education to work transitions||employability||active labour market policies||work-based learning||labour regulation||employment status | ||
| 700 | _aStewart, Andrew||Owens, Rosemary||O'Higgins, Niall||Hewitt, Anne | ||
| 856 | _uhttps://www.elgaronline.com/view/edcoll/9781800885035/9781800885035.xml | ||
| 942 | _cEB | ||
| 999 |
_c12226 _d12226 |
||